Welcome to the Holygrace Academy Library

Please use search bar below to get started

RAPUNZEL (Record no. 9150)

MARC details
000 -LEADER
fixed length control field 00249nam a22001217a 4500
082 ## - DEWEY DECIMAL CLASSIFICATION NUMBER
Classification number 823
Item number JAI/R
100 ## - MAIN ENTRY--AUTHOR NAME
Personal name JAIN, KULDEEP
245 ## - TITLE STATEMENT
Title RAPUNZEL
246 ## - VARYING FORM OF TITLE
Title proper/short title RAPUNZEL
Remainder of title RAPUNZEL
260 ## - PUBLICATION, DISTRIBUTION, ETC. (IMPRINT)
Place of publication NEW DELHI
Name of publisher PEGASUS
Year of publication 2025
300 ## - PHYSICAL DESCRIPTION
Number of Pages 16
942 ## - ADDED ENTRY ELEMENTS (KOHA)
Koha item type Books

No items available.